Pedro Almodóvar /

Zapisane w:
Opis bibliograficzny
1. autor: Aronica, Daniela (Autor)
Format: Książka
Język:włoski
Wydane: Milano : Il castoro, 2007
Wydanie:3. ed. aggiornata
Seria:Il castoro cinema ; 162
Hasła przedmiotowe:
Etykiety: Dodaj etykietę
Nie ma etykietki, Dołącz pierwszą etykiete!

MARC

LEADER 00000nam a22000007i 4500
001 IT\ICCU\PAL\0208927
003 ItRI
005 20250908190004.0
008 070720s2007 it |||||| ||||| |||||c
020 |a 8880333917 
020 |a 9788880333913 
040 |b ita  |c ct 
041 7 |a ita  |2 ISO-639-2 
082 |a 791.4302  |2 19 
100 1 |a Aronica, Daniela  |0 IT\ICCU\LO1V\138619  |4 aut 
245 1 0 |a Pedro Almodóvar /  |c Daniela Aronica. 
250 |a 3. ed. aggiornata 
260 |a Milano :  |b Il castoro,  |c 2007 
300 |a 205 p. :  |b ill. ;  |c 17x15 cm 
650 7 |a Almodóvar, Pedro 
830 3 |a Il castoro cinema ;  |v 162  |0 IT\ICCU\CFI\0002355 
942 |2 ddc  |c BK 
952 |0 0  |1 0  |2 ddc  |4 0  |6 B_ACN01ARODAPED11  |7 0  |9 9175  |a MI  |b MI  |d 2012-11-19  |i 6486  |l 0  |o B-ACN01-ARODA-PED11  |p CDOM6486  |r 2025-07-17 21:50:00  |w 2025-07-17  |x ACQUISTO  |y BK 
981 1 |6 z01  |a i   |b xxxe  
982 1 |6 z01  |a n 
999 |c 7643  |d 7643